ბათუმის შოთა რუსთაველის სახელმწიფო უნივერსიტეტის ბიბლიოთეკა

მემცენარეობა საკვებწარმოების საფუძვლებით : (ბიბ.ჩანაწერი № 63012)

000 -ლიდერი
ფიქსირებული სიგრძის საკონტროლო ველი 01555nam a22002297a 4500
003 - საკონტროლო ნომრის იდენტიფიკატორი
საკონტროლო ველი Ge_BSU
005 - ბოლო ოპერაციის თარიღი და დრო
საკონტროლო ველი 20250502163753.0
008 - ფიქსირებული სიგრძის მონაცემთა ელემენტები - ზოგადი ინფორმაცია
ფიქსირებული სიგრძის საკონტროლო ველი 250502s2017 ge ||||| |||| 00| 0 geo d
020 ## - წიგნის საერთაშორისო სტანდარტული ნომერი
International Standard Book Number 9789941088674
041 ## - ენის კოდი
Language code of text/sound track or separate title geo
080 ## - უნივერსალური ათობითი კლასიფიკაციის ინდექსი
Universal Decimal Classification number 633.1(075.8) : 635.65(075.8) ბ-95
100 ## - მთავარი ჩანაწერი - პიროვნების სახელი
Personal name ბუკია, ზურაბ
9 (RLIN) 25003
245 ## - ცნობა სათაურის შესახებ
Title მემცენარეობა საკვებწარმოების საფუძვლებით :
Remainder of title სახელმძღვანელო აგრონომიის სპეციალობის ბაკალავრიატის სტუდენტებისათვის /
Statement of responsibility, etc ზ. ბუკია, ნოდარ ბერიძე, შოთა ლამპარაძე ; რედაქტორი ოთარ შაინიძე ; ბათუმის შოთა რუსთაველის სახელმწ. უნ-ტი.
264 ## - წარმოების, გამოცემის, დისტრიბუციის და სხვა ცნობები
გამოცემის, წარმოების, დისტრიბუციის... ადგილი ბათუმი,
გამოცემის, წარმოების, დისტრიბუციის... თარიღი 2017.
300 ## - ფიზიკური აღწერა
Extent 189 გვ. :
Other physical details სურ. ;
Dimensions 20 სმ.
504 ## - BIBLIOGRAPHY, ETC. NOTE
Bibliography, etc ბიბლიოგრ.: გვ. 184-185.
653 ## - INDEX TERM--UNCONTROLLED
Uncontrolled term მარცვლეულ-პარკოსანი კულტურები
700 ## - ADDED ENTRY--PERSONAL NAME
Personal name ბერიძე, ნოდარ
Relator term ავტორი
9 (RLIN) 19537
710 ## - ADDED ENTRY--CORPORATE NAME
Corporate name or jurisdiction name as entry element ბათუმის შოთა რუსთაველის სახელმწ. უნ-ტი.
9 (RLIN) 25004
856 ## - ELECTRONIC LOCATION AND ACCESS
Uniform Resource Identifier https://dspace.nplg.gov.ge/bitstream/1234/226234/6/MemcenareobaSakvebCarmoeba.pdf
Link text ელ. ვერსია
942 ## - ADDED ENTRY ELEMENTS (KOHA)
Source of classification or shelving scheme
Koha item type წიგნი
ეგზემპლარები
ჩამოწერის სტატუსი დაკარგული ეგზემპლარის სტატუსი კლასიფიკაციის წყარო ან თაროზე გაწყობის სქემა დაზიანების სტატუსი არ გაიცემა მუდმივი მდებარეობა (დაცვის ადგილი) ამჟამინდელი ადგილსამყოფელი თაროზე განთავსების ადგილი შეძენის თარიღი ღირებულება, შესყიდვის ნორმალური ფასი სრული შენახვის შიფრი შტრიხკოდი ბოლო ოპერაციის თარიღი ეგზემპლარის მიმდევრობითი ნომერი (კეტერი?) Uniform Resource Identifier ფასის ძალაში შესვლის თარიღი ეგზემპლარის სახეობა საჯარო შენიშვნა
          აგრარული და მემბრანული ტექნოლოგიების ინსტიტუტის ბიბლიოთეკა აგრარული და მემბრანული ტექნოლოგიების ინსტიტუტის ბიბლიოთეკა წიგნსაცავი 2025-05-02 10.00 633.1(075.8) : 635.65(075.8) ბ-95 71314 2025-05-02 71314 ნაჩუქარი 2025-05-02 წიგნი 10 ლ.
          აგრარული და მემბრანული ტექნოლოგიების ინსტიტუტის ბიბლიოთეკა აგრარული და მემბრანული ტექნოლოგიების ინსტიტუტის ბიბლიოთეკა წიგნსაცავი 2025-05-02 10.00 633.1(075.8) : 635.65(075.8) ბ-95 28518 2025-05-02 28518 2025-05-02 წიგნი 10 ლ.
          აგრარული და მემბრანული ტექნოლოგიების ინსტიტუტის ბიბლიოთეკა აგრარული და მემბრანული ტექნოლოგიების ინსტიტუტის ბიბლიოთეკა წიგნსაცავი 2025-05-02 10.00 633.1(075.8) : 635.65(075.8) ბ-95 28519 2025-05-02 28519 2025-05-02 წიგნი 10 ლ.